| 000 | 00566nam a2200181Ia 4500 | ||
|---|---|---|---|
| 003 | GCL | ||
| 008 | 140319s9999 xx 000 0 ara d | ||
| 040 |
_aGCL / _cGCL |
||
| 082 | 0 | 4 |
_a658.45 _bب ا |
| 100 | 1 | _aباركر، مارجودى | |
| 245 | 1 | 0 |
_aايداع الرؤيا المشتركة: قصة الاسلوب الجديد فى التطوير والتعبير / _cباركر، مارجودى |
| 700 | 1 | _aخالد حسن زروق | |
| 300 | _a132 ص | ||
| 490 | _a | ||
| 650 | 0 | 4 | _aادارة الاعمال |
| 650 | 0 | 4 | _aالادارة |
| 942 |
_2ddc _cBK |
||
| 999 |
_c44475 _d44475 |
||